000 00227nam a2200097Ia 4500
008 200302s9999 xx 000 0 und d
100 _aSarah Ell
245 _aAustralian Design Trends
260 _bDavid Johnson
300 _a163 P.,
999 _c1697
_d1697